000 00302nam a22001337a 4500
008 170906b xxu||||| |||| 00| 0 eng d
020 _a9780801488283
041 _aeng
080 _a72
100 _a41
101 _aARK
245 _aARCHITECTURES OF RUSSIAN IDENTITY
_cCRACRAFT,J
942 _2udc
_cBK
999 _c26394
_d26394